Map Sorting Blitz: Countries Quiz Stats

 Plays Quiz Updated Jul 23, 2019

Score 0/30 Timer 01:00
2 Plays Today
% Correct
Latitude Band 1
74.6%
Latitude Band 2
73.7%
Latitude Band 1
73.3%
Latitude Band 1
73.2%
Latitude Band 4
72.6%
Latitude Band 2
72.2%
Latitude Band 2
66.4%
Latitude Band 3
66%
Latitude Band 2
65.6%
Latitude Band 4
64.6%
Latitude Band 3
63.2%
Latitude Band 3
62.1%
Latitude Band 5
62.1%
Latitude Band 4
60.8%
Latitude Band 4
58.2%
% Correct
Latitude Band 3
57.3%
Latitude Band 7
56.2%
Latitude Band 2
56.2%
Latitude Band 4
55.2%
Latitude Band 5
54.1%
Latitude Band 3
50.6%
Latitude Band 7
49.5%
Latitude Band 1
47.6%
Latitude Band 6
47.2%
Latitude Band 7
46.6%
Latitude Band 5
44.3%
Latitude Band 5
44.3%
Latitude Band 6
43.8%
Latitude Band 6
41.4%
Latitude Band 6
37.4%

You're not logged in!

Compare scores with friends on all Sporcle quizzes.
OR
Log In

Show Comments

Extras

Top Quizzes Today


Score Distribution

Your Account Isn't Verified!

In order to create a playlist on Sporcle, you need to verify the email address you used during registration. Go to your Sporcle Settings to finish the process.

Report this User

Report this user for behavior that violates our Community Guidelines.

Details: